| 000 | 01071nam a22002777a 4500 | ||
|---|---|---|---|
| 005 | 20080905121451.0 | ||
| 008 | 110608t xxu||||| |||| 00| 0 hin d | ||
| 010 | _aHIN-92912 | ||
| 020 |
_c150.00 _a818135057x |
||
| 035 | _aHN-65258 | ||
| 037 | _bDBAD / PUB | ||
| 040 |
_aDPL _bHN |
||
| 082 | _aक | ||
| 100 |
_928442 _aमजीठिया, हरिन |
||
| 245 |
_aये कहानियां कुछ कहती हैं / _cहरिन मजीठिया |
||
| 246 |
_aye Kahaniyan kuchh kahti hain _bby Harin Majithia |
||
| 260 |
_aदिल्ली _bपंकज बुक्स _c2010 |
||
| 270 |
_a109-ए, पटपड़गंज _bदिल्ली _e110091 _k22754663 |
||
| 300 |
_a70पृ _c22सेमी (सजिल्द) |
||
| 650 | _928443 | ||
| 650 | _928455 | ||
| 700 | _928521 | ||
| 700 | _928536 | ||
| 942 |
_adpl _cHN _2ddc _mमजीठि _hक |
||
| 999 |
_c52875 _d52875 |
||